000 00245nam a2200097Ia 4500
001 640814
005 20250826153454.0
008 250824s9999 xx 000 0 und d
245 0 _aKIRIMLI MURAT DESTANI
_cHASAN NAİL CANAT
260 _bGENÇ TİMAŞ
999 _c640814
_d640814